[Event "28th Avoine Open"]
[Site "Avoine FRA"]
[Date "2013.07.26"]
[Round "7.46"]
[White "Mignard,G"]
[Black "Peyre,T"]
[Result "1/2-1/2"]
[WhiteElo "1819"]
[BlackElo "2098"]

1.e4 c5 2.Nf3 e6 3.d4 cxd4 4.Nxd4 a6 5.Bd3 Bc5 6.Nb3 Ba7 7.Nc3 Nc6 8.Qe2 d6
9.O-O Nf6 10.h3 b5 11.Be3 O-O 12.Kh2 Nb4 13.a3 Nxd3 14.cxd3 e5 15.d4 Be6
16.d5 Bd7 17.Bxa7 Rxa7 18.f4 Qe7 19.Rae1 Rc7 20.Nd2 Re8 21.f5 Rb8 22.Ra1 a5
23.Rfc1 b4 24.axb4 axb4 25.Nd1 Rxc1 26.Rxc1 Bb5 27.Qf3 Nd7 28.Ne3 Nc5 29.f6 Qxf6
30.Qxf6 gxf6 31.Nf5 Rd8 32.Nxd6 Nd3 33.Nb7 Nxc1 34.Nxd8 Nd3 35.b3 Kf8 36.Nb7 Ke7
37.g4 Kd7 38.Na5 Kd6 39.Kg2 Nf4+ 40.Kg3 h5 41.gxh5 Nxh5+ 42.Kg4 Ng7 43.Nac4+ Kc5
44.h4 Bd7+ 45.Kf3 Nh5 46.Ke3 Bg4 47.Nf3 Bh3 48.Na5 Kd6 49.Nc6 Bd7 50.Nxb4 f5
51.exf5 Bxf5 52.Ng5 Kc5 53.Nxf7  1/2-1/2

[Event "28th Avoine Open"]
[Site "Avoine FRA"]
[Date "2013.07.27"]
[Round "8.22"]
[White "Aiglon,L"]
[Black "Maleki,Ma"]
[Result "0-1"]
[WhiteElo "2073"]
[BlackElo "2271"]

1.e4 c5 2.Nf3 e6 3.d4 cxd4 4.Nxd4 a6 5.Bd3 g6 6.O-O Bg7 7.Be3 Qc7 8.Nd2 Nf6
9.f4 d6 10.Kh1 O-O 11.h3 b6 12.Qe1 Bb7 13.Qh4 Re8 14.N4f3 Nbd7 15.Rae1 Nc5
16.e5 Nfd7 17.Nc4 Bxf3 18.exd6 Bxg2+ 19.Kxg2 Qc6+ 20.Kg1 b5 21.Ne5 Qxd6 22.Rd1 Qc7
23.Be4 Rad8 24.Bc6 Nxe5 25.Bxe8 Rxd1 26.fxe5 Rxf1+ 27.Kxf1 Nd7 28.Bxd7 Qxd7
29.Qd4 Qd5 30.Qxd5 exd5 31.Bf4 Kf8 32.Ke2 Ke7 33.Kd3 Ke6 34.Kd4 g5 35.Bg3 f6
36.exf6 Bxf6+ 37.Kc5 Bxb2 38.Kb6 Be5 39.Bf2 Kd6 40.Be1 h5 41.Kxa6 Bf6 42.Ka5 Kc5
43.a4 bxa4 44.Kxa4 Kc4 45.Ka3  0-1

[Event "9th Gazi 2013"]
[Site "Gazi GRE"]
[Date "2013.07.28"]
[Round "2"]
[White "Sideris,N"]
[Black "Serpetsidakis,Nikolaos"]
[Result "1-0"]
[WhiteElo "2143"]
[BlackElo "1610"]

1.e4 c5 2.Nf3 e6 3.d4 cxd4 4.Nxd4 a6 5.Bd3 Qc7 6.O-O Nf6 7.Nc3 b5 8.a3 Nc6
9.Nxc6 dxc6 10.Qf3 Bd6 11.g3 Bb7 12.Rd1 O-O 13.Qe2 Rad8 14.Re1 Be5 15.a4 b4
16.Nd1 a5 17.Ne3 Bd4 18.Nc4 Ba6 19.Bf4 Qa7 20.Rab1 Bxc4 21.Bxc4 Nxe4 22.Qxe4 Bxf2+
23.Kg2 Bxe1 24.Rxe1 Qd4 25.Bd3 Qxe4+ 26.Rxe4 Rd7 27.Rc4 Rc8 28.Be3 f5 29.Be2 c5
30.b3 Rdc7 31.Bf4 Rd7 32.Kf3 h6 33.h4 Rd5 34.Bd3 Kh7 35.h5 g5 36.hxg6+ Kxg6
37.g4 h5 38.gxf5+ exf5 39.Be3 Rc7 40.Rh4 Rc8 41.Rh2 Rh8 42.Kf4 Kf6 43.Bf2 Kg6
44.Rg2+ Kh6 45.Bc4 Rd2 46.Bd3 Re8 47.Bxf5 Ree2 48.Rg6+ Kh7 49.Bxc5 h4 50.Rg4+ Kh8
51.Rxh4+ Kg8 52.Be3 Rxc2 53.Bxc2 Rxc2 54.Bb6 Rc3 55.Rg4+ Kf7 56.Rg3 Rc8 57.Bxa5 Rb8
58.Re3 Rh8 59.Kf3 Rh3+ 60.Ke2 Rh4  1-0

[Event "III Brazil Maringa Open"]
[Site "Maringa BRA"]
[Date "2013.07.28"]
[Round "8.30"]
[White "Okawati,Gabriel Akira"]
[Black "Freire Dos Santos,F"]
[Result "0-1"]
[WhiteElo "1867"]
[BlackElo "2052"]

1.e4 c5 2.Nf3 e6 3.d4 cxd4 4.Nxd4 a6 5.Bd3 Bc5 6.Nb3 Be7 7.Nc3 d6 8.Be3 Nf6
9.O-O b5 10.a3 Nbd7 11.f4 Bb7 12.Qf3 Qc7 13.Rac1 h5 14.Qg3 g6 15.Kh1 Rc8
16.Bd4 Rg8 17.e5 Ng4 18.Ne4 dxe5 19.fxe5 Ndxe5 20.Bxe5 Nxe5 21.Qf4 f5 22.Nec5 Nxd3
23.Qxc7 Bxg2+  0-1

[Event "5th Rethymno Open"]
[Site "Rethymno GRE"]
[Date "2013.07.28"]
[Round "1.3"]
[White "Godbole,A"]
[Black "David,Alb"]
[Result "0-1"]
[WhiteElo "1943"]
[BlackElo "2589"]

1.e4 c5 2.Nf3 e6 3.d4 cxd4 4.Nxd4 a6 5.Bd3 Bc5 6.Nb3 Be7 7.Qg4 g6 8.Qe2 d6
9.O-O Nd7 10.a4 Ne5 11.f4 Nxd3 12.Qxd3 Nf6 13.a5 O-O 14.Be3 Bd7 15.Bb6 Qb8
16.Nc3 Bc6 17.Rae1 Nd7 18.f5 Nxb6 19.axb6 Qd8 20.Kh1 Bf6 21.Re3 Qxb6 22.Rh3 Qd8
23.Qe3 Bg5 24.Qg3 Qe7 25.Nd4 Rae8 26.Nf3 Bf6 27.Qf4 h5 28.Nh4 Bxh4 29.Rxh4 exf5
30.Rxh5 fxe4 31.Rh3 Qe5 32.Qh4 Qg7 33.Rf5 Re6 34.Rf2 e3 35.Re2 d5 36.Nd1 d4
37.c3 Re4 38.Qg5 Ba4 39.Re1 Bxd1 40.Rxd1 Rfe8 41.cxd4 Qxd4 42.Re1 Qxb2  0-1

[Event "5th Rethymno Open"]
[Site "Rethymno GRE"]
[Date "2013.07.28"]
[Round "1.5"]
[White "Papadopoulos,Ar"]
[Black "Rychagov,A"]
[Result "0-1"]
[WhiteElo "1927"]
[BlackElo "2544"]

1.e4 c5 2.Nf3 e6 3.d4 cxd4 4.Nxd4 a6 5.Bd3 Bc5 6.Nb3 Be7 7.Qg4 Bf6 8.O-O d6
9.a4 Nc6 10.Na3 Nge7 11.Qe2 O-O 12.c3 Ng6 13.Be3 Rb8 14.f4 e5 15.f5 Nf4 16.Qd2 d5
17.exd5 Qxd5 18.Bc4 Qxd2 19.Bxd2 Bxf5 20.Bxf4 exf4 21.Rxf4 Bg6 22.Rff1 Rfd8
23.Be2 Be7 24.Nc4 Bc2 25.Nba5 Nxa5 26.Nxa5 Rd2 27.Bf3 b6 28.Nc6 Bc5+ 29.Kh1 Re8
30.a5 Bb3 31.Rfe1 Rxe1+ 32.Rxe1 g6 33.axb6 Bxb6 34.Rb1 a5 35.g3 Rf2 36.Bg2 Ba2
37.Rc1 Rxb2 38.Ne7+ Kg7 39.Bd5 Bc5 40.Ra1 Rb1+ 41.Rxb1 Bxb1 42.Nc6 a4 43.Na5 a3
44.Kg2 a2 45.Nb3 Ba3  0-1

[Event "9th Tabor Open 2013"]
[Site "Tabor CZE"]
[Date "2013.07.28"]
[Round "1.33"]
[White "Kral,L"]
[Black "Dvorak,A"]
[Result "0-1"]
[WhiteElo "1654"]
[BlackElo "2056"]

1.e4 c5 2.Nf3 e6 3.d4 cxd4 4.Nxd4 a6 5.Bd3 Bc5 6.Nb3 Be7 7.O-O Nc6 8.Be3 Nf6
9.f4 d6 10.Nc3 Qc7 11.a3 b5 12.Be2 Bb7 13.Bf3 O-O 14.Qe1 Rac8 15.Bf2 Nd7
16.Rc1 Nc5 17.Nxc5 dxc5 18.e5 Rfd8 19.Ne2 Rd7 20.Rd1 Rcd8 21.Rxd7 Qxd7 22.Qc1 h6
23.Ng3 Nd4 24.Bxb7 Qxb7 25.Bxd4 Rxd4 26.c3 Rd3 27.Rd1 Qd5 28.Rxd3 Qxd3 29.Qf1 Qd2
30.Qf2 Qc1+ 31.Nf1 b4 32.Qd2 Qb1 33.Qd7 Bf8 34.Qd2 bxa3 35.bxa3 c4 36.g4 Bxa3
37.Kg2 Qb2 38.Qxb2 Bxb2 39.Ne3 Bxc3 40.Nxc4 a5 41.Nb6 g5 42.Kf3 Bd4 43.Na4 Kg7
44.fxg5 Bxe5 45.gxh6+ Kxh6 46.h3  0-1

[Event "9th Tabor Open 2013"]
[Site "Tabor CZE"]
[Date "2013.07.28"]
[Round "1.30"]
[White "Lacina,F1"]
[Black "Skorepa,Tomas"]
[Result "1-0"]
[WhiteElo "2072"]
[BlackElo "1688"]

1.e4 c5 2.Nf3 e6 3.d4 cxd4 4.Nxd4 a6 5.Bd3 Qc7 6.O-O Nf6 7.Kh1 Be7 8.f4 d6
9.Nc3 O-O 10.Qe2 Nbd7 11.a4 b6 12.Bd2 Bb7 13.Rae1 Rfd8 14.e5 dxe5 15.Nxe6 fxe6
16.fxe5 Ne8 17.Bxh7+ Kxh7 18.Qh5+ Kg8 19.Qf7+ Kh8 20.Qh5+ Kg8 21.Qf7+ Kh8
22.Re3  1-0

[Event "9th Ribeira Valley Open 2013"]
[Site "Registro BRA"]
[Date "2013.07.30"]
[Round "2.15"]
[White "Fischer Junior,Donaldo"]
[Black "Egoroff,J"]
[Result "0-1"]
[WhiteElo "1979"]
[BlackElo "2291"]

1.e4 c5 2.Nf3 e6 3.d4 cxd4 4.Nxd4 a6 5.Bd3 Qc7 6.Nc3 Nf6 7.a3 d6 8.Bg5 Nbd7
9.O-O b5 10.Nde2 Be7 11.Ng3 Bb7 12.Rc1 h6 13.Be3 Ne5 14.h3 Nc4 15.Bxc4 Qxc4
16.Qd4 Qc6 17.Qb6 O-O 18.Rfd1 Qxb6 19.Bxb6 Rac8 20.Bd4 Rc4 21.e5 dxe5 22.Bxe5 Rfc8
23.Bd6 Bd8 24.Nge2 Bb6 25.Be5 Ne4 26.Nxe4 Rxe4 27.Bd4 Bxd4 28.Nxd4 Rd8 29.c3 Re5
30.Rd2 Rg5 31.f4 Rgd5 32.Rcd1 Kf8 33.Kf2 Ke7 34.Nb3 Rxd2+ 35.Rxd2 Rxd2+ 36.Nxd2 Kd6
37.g3 Bd5 38.Ke3 e5 39.Ne4+ Bxe4 40.Kxe4 exf4 41.Kxf4 Kd5 42.b3 a5 43.Kf5 a4
44.bxa4 bxa4 45.g4 Kc4 46.Ke5 Kxc3 47.Kd6 Kb3 48.Ke7 Kxa3 49.Kxf7 g5 50.Kg6 Kb4
51.Kxh6 a3 52.Kxg5 a2  0-1

[Event "9th Ribeira Valley Open 2013"]
[Site "Registro BRA"]
[Date "2013.07.30"]
[Round "2.25"]
[White "Tasoko,T"]
[Black "Terao,J"]
[Result "0-1"]
[WhiteElo "1896"]
[BlackElo "2147"]

1.e4 c5 2.Nf3 e6 3.d4 cxd4 4.Nxd4 a6 5.Bd3 Nf6 6.O-O Qc7 7.Nc3 Be7 8.Re1 d6
9.f4 Nbd7 10.Qe2 O-O 11.Be3 Nc5 12.Rad1 b6 13.Nb3 Bb7 14.Bf2 Rfd8 15.h3 Nfd7
16.Qg4 g6 17.Bg3 Nf6 18.Qe2 Nh5 19.Bh2 Bh4 20.Rf1 b5 21.Qg4 Bf6 22.f5 b4
23.Ne2 Nxd3 24.cxd3 Bc8 25.Qf3 Bxb2 26.g4 Ng7 27.f6 Ne8 28.g5 e5 29.h4 a5
30.h5 Qd7 31.d4 Qg4+ 32.Kf2 Qxg5 33.Rg1 Qxf6 34.Qxf6 Nxf6 35.dxe5 Nxe4+ 36.Ke3 Bb7
37.e6 Re8 38.Nf4 Bg7 39.Nd4 g5 40.exf7+ Kxf7 41.Nfe6 Rxe6 42.Nxe6 Kxe6 43.Rge1 d5
44.Kd3 Rc8 45.Rc1 Ba6+ 46.Ke3 Bc3  0-1

[Event "9th Ribeira Valley Open 2013"]
[Site "Registro BRA"]
[Date "2013.07.31"]
[Round "4.5"]
[White "Molina,Rob"]
[Black "Terao,J"]
[Result "1-0"]
[WhiteElo "2431"]
[BlackElo "2147"]

1.e4 c5 2.Nf3 e6 3.d4 cxd4 4.Nxd4 a6 5.Bd3 Nf6 6.O-O Qc7 7.Qe2 d6 8.c4 Be7
9.Nc3 Nbd7 10.Bd2 b6 11.f4 Bb7 12.Rae1 h5 13.Kh1 h4 14.f5 e5 15.Nc2 Rc8 16.Nb4 Nc5
17.Bb1 Qb8 18.b3 Bd8 19.Rc1 Ncd7 20.Ncd5 a5 21.Nxf6+ Nxf6 22.Nd5 Bc6 23.Bd3 Qb7
24.Nc3 Qd7 25.Rfd1 Bb7 26.Nd5 Bc6 27.Kg1 Rb8 28.Nc3 Kf8 29.Be3 Ne8 30.Bb1 Qb7
31.Rd2 g6 32.fxg6 fxg6 33.Rf1+ Kg7 34.Nd5 b5 35.cxb5 Bxb5 36.Bd3 Bc6 37.Bc4 Qd7
38.Qd3 Rb7 39.Rdf2 Qg4 40.h3 Qh5 41.Ba6 Bxd5 42.Qxd5  1-0

[Event "9th Ribeira Valley Open 2013"]
[Site "Registro BRA"]
[Date "2013.08.01"]
[Round "6.2"]
[White "Della Morte,G"]
[Black "Bachmann,Ax"]
[Result "1/2-1/2"]
[WhiteElo "2309"]
[BlackElo "2536"]

1.e4 c5 2.Nf3 e6 3.d4 cxd4 4.Nxd4 a6 5.Bd3 Qc7 6.O-O Nf6 7.Qe2 d6 8.c4 b6
9.Nc3 Be7 10.Bd2 Nbd7 11.f4 Bb7 12.Rae1 g6 13.Kh1 O-O 14.e5 Nh5 15.Nf3 Rad8
16.g4 Ng7 17.Be4 f5 18.gxf5 gxf5 19.Bxb7 Qxb7 20.exd6 Bxd6 21.Qg2 Rf6 22.Ng5 Qxg2+
23.Kxg2 Rg6 24.Kf3 e5 25.Nd5 e4+ 26.Ke2 h6 27.Nh3 Ne6 28.Be3 Kf7 29.Rg1 Rxg1
30.Rxg1 b5 31.cxb5 axb5 32.Rc1 Ndc5 33.Nf2 Bb8 34.Nb4 Bd6 35.Rd1 Nb7 36.Nd5 Ra8
37.a3 Rb8 38.Nh1 Bc5 39.Nc3 Bxe3 40.Kxe3 Na5 41.Rd5 Nc4+ 42.Kf2 Kg6 43.Ng3 Rf8
44.Nce2 Nxb2 45.Rxb5 Nd3+ 46.Ke3 Ndc5 47.Nd4 Ra8 48.Nxe6 Rxa3+ 49.Kd4 Nxe6+
50.Ke5 Ng7 51.Nxf5 Nxf5  1/2-1/2

[Event "9th Ribeira Valley Open 2013"]
[Site "Registro BRA"]
[Date "2013.08.02"]
[Round "8.17"]
[White "Fischer Junior,Donaldo"]
[Black "Terao,J"]
[Result "0-1"]
[WhiteElo "1979"]
[BlackElo "2147"]

1.e4 c5 2.Nf3 e6 3.d4 cxd4 4.Nxd4 a6 5.Bd3 Qc7 6.O-O Nf6 7.c3 Be7 8.Nf3 d6
9.h3 Nbd7 10.Bf4 e5 11.Be3 d5 12.Qc2 dxe4 13.Bxe4 Nxe4 14.Qxe4 O-O 15.Nbd2 Re8
16.Qc4 Qd6 17.Qe4 f6 18.Rad1 Qe6 19.Qc4 Nf8 20.b3 b5 21.Qxe6+ Bxe6 22.Ne4 Rec8
23.Bd2 h6 24.Ng3 Ng6 25.Rfe1 Kf7 26.Re2 a5 27.Rde1 a4 28.Rb1 Nf8 29.Be1 Nd7
30.Rd2 axb3 31.axb3 Nc5 32.b4 Na4 33.Re2 Nxc3 34.Bxc3 Rxc3 35.Ne4 Rc4 36.Nfd2 Rxb4
37.Rbe1 f5 38.Nc5 Bxc5 39.Rxe5 Rb2 40.Rxc5 Rxd2 41.Rxb5 Rad8 42.Rb7+ Kf6
43.Rb6 R8d6 44.Rxd6 Rxd6 45.Re2 f4 46.Rb2 f3 47.Rb4 Rd3 48.Rf4+ Ke5 49.Rh4 fxg2
50.Kxg2 Bd7 51.Kh2 Rf3 52.Kg1 Rf4 53.Rh5+ Ke4 54.Kg2 Rf5 55.Rh4+ Kd3 56.Kf1 Bc6
57.Rg4 Rf7 58.Rg3+ Kd2 59.Kg1 Bf3 60.Rg6 Re7 61.Ra6 Ke1 62.Ra1+ Bd1 63.Ra3 Re5
64.Ra2 Rg5+ 65.Kh2 Bf3 66.h4 Rg2+ 67.Kh3 Rxf2 68.Ra7 Rg2 69.Ra1+ Kf2 70.Ra2+ Ke3
71.Ra3+ Kf4 72.Ra7 Rg3+ 73.Kh2 Rg6 74.Ra4+ Be4 75.Kh3 Rb6 76.Ra7 Rb7 77.Ra2 Rb1
78.Rf2+ Bf3  0-1

[Event "9th Tabor Open 2013"]
[Site "Tabor CZE"]
[Date "2013.08.02"]
[Round "7.23"]
[White "Ruzicka,A"]
[Black "Barrish,Daniel"]
[Result "0-1"]
[WhiteElo "2054"]
[BlackElo "1824"]

1.e4 c5 2.Nf3 e6 3.d4 cxd4 4.Nxd4 a6 5.Bd3 Qc7 6.O-O Nf6 7.Nc3 d6 8.Kh1 b5
9.f4 Nbd7 10.Qe1 Bb7 11.a4 b4 12.Nd1 a5 13.Nf2 Be7 14.b3 O-O 15.Bb2 Nc5 16.Qe2 d5
17.e5 Nfe4 18.Nxe4 Nxe4 19.Nb5 Qb6 20.Bd4 Bc5 21.Bxc5 Qxc5 22.f5 exf5 23.Rxf5 g6
24.Rf4 Rae8 25.Bxe4 Rxe5 26.Rd1 Rxe4 27.Rxe4 dxe4 28.Nd6 Qc6 29.Nxb7 Qxb7
30.Re1 Re8 31.Qc4 e3 32.Qc5 Qd7 33.Qb5 Qe7 34.Qxa5 Qh4 35.Re2 Qf2  0-1

[Event "Arad Open 2013"]
[Site "Arad ROU"]
[Date "2013.08.03"]
[Round "1.9"]
[White "Czebe,A"]
[Black "Beuran,Liviu"]
[Result "1-0"]
[WhiteElo "2467"]
[BlackElo "1843"]

1.e4 c5 2.Nf3 e6 3.d4 cxd4 4.Nxd4 a6 5.Bd3 Qc7 6.O-O Nf6 7.Nd2 Nc6 8.Nxc6 dxc6
9.f4 Be7 10.Qf3 b5 11.e5 Nd5 12.c4 Qa7+ 13.Kh1 Ne3 14.Re1 Nf5 15.Nb3 Bd7
16.Be3 Nxe3 17.Rxe3 g6 18.Rc1 b4 19.Be4 Rc8 20.Rd3 O-O 21.Rcd1 Rc7 22.Na5 Rfc8
23.g4 Be8 24.Nb3 c5 25.Na5 Qb6 26.Nb7 Bc6 27.Bxc6 Qxc6 28.Qxc6 Rxc6 29.Kg2 R6c7
30.Nd6 Bxd6 31.Rxd6 Rc6 32.Kf3 Kf8 33.Ke4 a5 34.f5 Rxd6 35.exd6 Rd8 36.fxe6 fxe6
37.Ke5 Kf7 38.Rf1+ Ke8 39.Kxe6 Rd7 40.Rf8+  1-0

[Event "XX Feria de las Flores 2013"]
[Site "Medellin COL"]
[Date "2013.08.03"]
[Round "1.25"]
[White "Gutierrez,Ra"]
[Black "Rodriguez Lopez,A"]
[Result "1-0"]
[WhiteElo "2164"]
[BlackElo "1923"]

1.e4 c5 2.Nf3 e6 3.d4 cxd4 4.Nxd4 a6 5.Bd3 Qc7 6.O-O Bc5 7.c3 Nc6 8.Be3 Qb6
9.Nd2 Ne5 10.N2b3 d6 11.Nxc5 dxc5 12.Nb3 Nd7 13.Nxc5 Qxb2 14.Qa4 b5 15.Qa5 b4
16.Na4  1-0

[Event "Arad Open 2013"]
[Site "Arad ROU"]
[Date "2013.08.04"]
[Round "3.2"]
[White "Ardeleanu,A"]
[Black "Tarlev,K"]
[Result "0-1"]
[WhiteElo "2321"]
[BlackElo "2545"]

1.e4 c5 2.Nf3 e6 3.d4 cxd4 4.Nxd4 a6 5.Bd3 Nf6 6.O-O e5 7.Nb3 Nc6 8.Nc3 Be7
9.Nd5 d6 10.Be3 Nxd5 11.exd5 Nb4 12.c4 O-O 13.a3 Nxd3 14.Qxd3 f5 15.f4 Bf6
16.Rf2 e4 17.Qd2 Bd7 18.Nd4 Rc8 19.Rc1 Qe7 20.b4 b5 21.cxb5 axb5 22.Nc6 Qf7
23.Qd1 Ra8 24.Na5 Rfc8 25.Rfc2 h6 26.Qd2 Kh7 27.Rxc8 Rxc8 28.Rxc8 Bxc8 29.Qc2 Qxd5
30.Qxc8 Qd1+ 31.Kf2 Bh4+ 32.g3 Qf3+ 33.Ke1 Qxe3+ 34.Kd1 Qd3+ 35.Kc1 Qxa3+
36.Kc2 Qd3+ 37.Kc1 e3 38.Qc2 Qf1+ 39.Kb2 Bf6+ 40.Kb3 g6  0-1

[Event "17th Godesberg Open"]
[Site "Bonn GER"]
[Date "2013.08.07"]
[Round "5.9"]
[White "Krebs,D"]
[Black "Rosskothen,A"]
[Result "1/2-1/2"]
[WhiteElo "2080"]
[BlackElo "2147"]

1.e4 c5 2.Nf3 e6 3.d4 cxd4 4.Nxd4 a6 5.Bd3 Bc5 6.Nb3 Be7 7.Nc3 d6 8.O-O Nf6
9.Be3 Nc6 10.f4 O-O 11.Qe2 e5 12.f5 Nb4 13.Rad1 b5 14.a3 Nxd3 15.Rxd3 Bb7
16.Bf2 Rc8 17.Rfd1 Rxc3 18.Rxc3 Nxe4 19.Re3 Nxf2 20.Qxf2 Bh4 21.g3 Bf6 22.Red3 d5
23.Nc5 Ba8 24.c3 Qc8 25.Rxd5 Bxd5 26.Rxd5 Rd8 27.Rxd8+ Bxd8 28.Ne4 Qc6 29.Qe2 Bb6+
30.Kg2 Kf8 31.Qd3 Ke7 32.g4 f6 33.Kf3 a5 34.b4 a4 35.h3 Ba7 36.Kg3 Bb6 37.Kf3 Ba7  1/2-1/2

[Event "XI Miguel Najdorf Open A 2013"]
[Site "Warsaw POL"]
[Date "2013.08.07"]
[Round "3.8"]
[White "Rudolf,Mi"]
[Black "Gasik,An"]
[Result "1-0"]
[WhiteElo "2367"]
[BlackElo "2212"]

1.e4 c5 2.Nf3 e6 3.d4 cxd4 4.Nxd4 a6 5.Bd3 Bc5 6.Nb3 Be7 7.Qg4 g6 8.Qe2 d6
9.O-O Nd7 10.Nc3 Ngf6 11.Bh6 Ne5 12.h3 b5 13.f4 Nxd3 14.cxd3 Bb7 15.a4 b4
16.Nb1 d5 17.N1d2 Rc8 18.Rac1 Bc6 19.f5 dxe4 20.dxe4 gxf5 21.Qxa6 Bd7 22.exf5 Ra8
23.Qe2 Rg8 24.Nc5 Bc6 25.Nxe6 Bxg2 26.Nxd8 Bf3+ 27.Kf2 Bxe2 28.Kxe2 Rxd8
29.Rg1 Rxg1 30.Rxg1 Rd5 31.Rf1 Nh5 32.Rf3 Rxf5 33.Rxf5 Ng3+ 34.Kd3 Nxf5 35.Bf4 Nd6
36.Ne4 Nb7 37.Kc4 f5 38.Ng3 Nc5 39.a5 Ne6 40.a6 Bc5 41.Bb8 f4 42.Ne4 f3 43.a7  1-0

[Event "FSGM August 2013"]
[Site "Budapest HUN"]
[Date "2013.08.10"]
[Round "7.1"]
[White "Konnyu,J"]
[Black "Tesik,C"]
[Result "0-1"]
[WhiteElo "2323"]
[BlackElo "2353"]

1.e4 c5 2.Nf3 e6 3.d4 cxd4 4.Nxd4 a6 5.Bd3 Bc5 6.Be3 d6 7.Nc3 Nf6 8.e5 dxe5
9.Nxe6 Bxe6 10.Bxc5 Qc7 11.Ba3 Nc6 12.Qf3 Nd4 13.Qg3 Nh5 14.Qe3 Nf4 15.O-O-O O-O-O
16.g3 Nd5 17.Nxd5 Bxd5 18.Kb1 Bxh1 19.Rxh1 Rhe8 20.c3 Nc6 21.Bc5 Qd7 22.Bxh7 g6
23.Bb6 Qd3+  0-1

[Event "Geraardsbergen Open 2013"]
[Site "Geraardsbergen BEL"]
[Date "2013.08.10"]
[Round "2"]
[White "Vreugdenhil,F"]
[Black "Van Cappellen,J"]
[Result "0-1"]
[WhiteElo "2008"]
[BlackElo "2151"]

1.e4 c5 2.Nf3 e6 3.d4 cxd4 4.Nxd4 a6 5.Bd3 Bc5 6.Nb3 Be7 7.O-O Qc7 8.Be3 d6
9.Nc3 Nf6 10.f4 Nbd7 11.f5 e5 12.g4 h6 13.h4 d5 14.g5 hxg5 15.hxg5 d4 16.gxf6 Nxf6
17.Nxd4 exd4 18.Bf4 Bd6 19.e5 dxc3 20.exd6 Qc5+ 21.Kg2 Bxf5 22.Bxf5 Qxf5
23.Qe2+ Ne4 24.d7+ Kxd7 25.Qd3+ Kc6 26.Qf3 Qg6+ 27.Bg3 Qxg3+ 28.Qxg3 Nxg3
29.Kxg3 cxb2  0-1

[Event "10th Malaysian Open"]
[Site "Kuala Lumpur MAS"]
[Date "2013.08.10"]
[Round "2.32"]
[White "Zhang,Jiabao"]
[Black "Nitin,S"]
[Result "0-1"]
[WhiteElo "2022"]
[BlackElo "2355"]

1.e4 c5 2.Nf3 e6 3.d4 cxd4 4.Nxd4 a6 5.Bd3 g6 6.O-O Bg7 7.Be3 d6 8.c4 Nf6
9.Nc3 O-O 10.Kh1 Qc7 11.f4 Nbd7 12.Rc1 b6 13.f5 Ne5 14.fxe6 fxe6 15.Nf3 Nfg4
16.Bg1 Bd7 17.Be2 Bh6 18.Nxe5 Nxe5 19.Rc2 Rxf1 20.Bxf1 Rf8 21.Rf2 Nf7 22.e5 dxe5
23.Ne4 Bc6 24.Nf6+ Kg7 25.Bd3 Ng5 26.Ng4 Rxf2 27.Bxf2 Nh3 28.Bh4 Bf4 29.Bf6+ Kg8
30.Qe2 Qd6 31.Bxe5 Qc5 32.Bd4 Qxd4 33.Qxe6+ Kh8  0-1

[Event "FSFMB August 2013"]
[Site "Budapest HUN"]
[Date "2013.08.11"]
[Round "9.4"]
[White "Steer,J"]
[Black "Hoac,Edvin"]
[Result "1/2-1/2"]
[WhiteElo "1918"]
[BlackElo "1603"]

1.e4 c5 2.Nf3 e6 3.d4 cxd4 4.Nxd4 a6 5.Bd3 Bc5 6.Nb3 Be7 7.O-O Qc7 8.c4 Nc6
9.Nc3 Ne5 10.Qe2 Nf6 11.f4 Nxd3 12.Qxd3 d6 13.h3 b6 14.Be3 Bb7 15.Nd2 O-O
16.Rac1 Rac8 17.Na4 Nd7 18.b4 Rfd8 19.Bf2 d5 20.cxd5 Qxc1 21.Rxc1 Rxc1+ 22.Kh2 exd5
23.e5 Bxb4 24.Nb3 Rc4 25.Nxb6 Nxb6 26.Bxb6 Rdc8 27.Nd4 Re8 28.Qf5 Bc8 29.Qg5 Bc5
30.Bxc5 Rxc5 31.f5 h6 32.Qe3 Rc4 33.g4 Bd7 34.g5 hxg5 35.e6 fxe6 36.fxe6 Bxe6
37.Nxe6 Re4 38.Qxg5 R8xe6 39.Qxd5 Kh7 40.Qh5+ Kg8 41.Qd5 Re3 42.Qc4 Kh7 43.Qh4+ Kg6
44.Qg4+ Kh6 45.Qh4+ Kg6  1/2-1/2

[Event "XXIV Jozefa Kochana Mem"]
[Site "Koszalin POL"]
[Date "2013.08.11"]
[Round "2.7"]
[White "Lanica,Lukasz"]
[Black "Czajkowski,Ad"]
[Result "0-1"]
[WhiteElo "1691"]
[BlackElo "1933"]

1.e4 c5 2.Nf3 e6 3.d4 cxd4 4.Nxd4 a6 5.Bd3 Bc5 6.Nb3 Ba7 7.Qe2 Ne7 8.Be3 Nbc6
9.Nc3 O-O 10.O-O-O b5 11.Bxa7 Rxa7 12.Qe3 e5 13.h4 d6 14.h5 f5 15.f3 Be6
16.Be2 Rd7 17.Nd5 Bxd5 18.exd5 Nb4 19.Na1 Qa8 20.Qb3 Nbxd5 21.g3 Kh8 22.Rd2 Nc7
23.c3 d5 24.Rhd1 Ne6 25.Kb1 Rb8 26.Nc2 a5 27.Ne3 b4 28.c4 a4 29.Qc2 b3 30.Qc1 bxa2+
31.Kxa2 d4 32.Qc2 Rdb7 33.Nd5 a3 34.b3 Nc5 35.Nxe7 Rxe7 36.Rb1 Reb7 37.b4 Rxb4
38.Rxb4 Rxb4 39.Qxf5 Qb8 40.h6 Rb2+  0-1

[Event "22nd Kavala Open 2013"]
[Site "Kavala GRE"]
[Date "2013.08.12"]
[Round "8.11"]
[White "Koepke,C"]
[Black "Kazakos,E"]
[Result "1/2-1/2"]
[WhiteElo "2351"]
[BlackElo "2137"]

1.e4 c5 2.Nf3 e6 3.d4 cxd4 4.Nxd4 a6 5.Bd3 Nf6 6.O-O Qc7 7.Qe2 d6 8.c4 g6
9.Nc3 Bg7 10.Nf3 O-O 11.h3 Nc6 12.Be3 Nd7 13.Rac1 Nde5 14.Nxe5 dxe5 15.Nd5 exd5
16.cxd5 Bd7 17.dxc6 Bxc6 18.Bc4 Qd8 19.Bc5 Re8 20.Rfd1 Qh4 21.Bd5 Rac8 22.Bb6 Qf6
23.Ba5 Bf8 24.Bb3 Qf4 25.Re1 Bb5 26.Bc4 Rxc4 27.Rxc4 Bc5 28.b3 Bxc4 29.bxc4 b6
30.Bd2 Qg3 31.Be3 Bxe3 32.Qxe3 Qxe3 33.Rxe3 Rc8 34.Rc3 Rc5 35.Ra3 a5 36.Ra4 Kf8
37.Kf1 Ke7 38.Ke2 Kd6 39.Kd3 Rc7 40.Ra3 Rd7 41.Rb3 Kc6+ 42.Kc3 Rd1 43.Rb2 Re1
44.Kd3 Rd1+ 45.Kc3 Re1 46.Kd3 Rd1+ 47.Kc3  1/2-1/2

[Event "XXV Jirasek Mem 2013"]
[Site "Rakovnik CZE"]
[Date "2013.08.12"]
[Round "4.1"]
[White "Velicka,P"]
[Black "Plischki,S"]
[Result "1/2-1/2"]
[WhiteElo "2421"]
[BlackElo "2421"]

1.e4 c5 2.Nf3 e6 3.d4 cxd4 4.Nxd4 a6 5.Bd3 Nf6 6.O-O e5 7.Nf3 Nc6 8.Nc3 Bc5
9.Nd5 h6 10.Nd2 d6 11.Nxf6+ Qxf6 12.Nc4 O-O 13.Be3 Be6 14.Nb6 Rad8 15.c3 Bxe3
16.fxe3 Qg5 17.Qd2 Ne7 18.c4 Nc8 19.Na4 Rd7 20.b3 Qd8 21.Rad1 Qc7 22.Nc3 Ne7
23.Be2 Rc8 24.Nd5 Bxd5 25.cxd5 Rf8 26.Bg4 Rdd8 27.Rc1 Qb6 28.Rf2 g6 29.Rcf1 Kg7
30.h4 h5 31.Bh3 Ng8 32.Qc3 Nh6 33.Rc1 Rde8 34.b4 Re7 35.a4 Ng4 36.Bxg4 hxg4
37.a5 Qb5 38.g3 f5 39.exf5 gxf5 40.Rcf1 Qxd5 41.Rxf5 Rxf5 42.Rxf5 Rf7 43.Rg5+ Kh6
44.Qc2 Rg7 45.Rf5 Rf7 46.Qc1 Kg7 47.Rg5+ Kh6 48.Rf5 Kg7 49.Rg5+ Kh6 50.Rf5  1/2-1/2

[Event "24th ch-NATO 2013"]
[Site "Rynia POL"]
[Date "2013.08.12"]
[Round "1.1"]
[White "Ergonen,A"]
[Black "Drabke,L"]
[Result "0-1"]
[WhiteElo "2022"]
[BlackElo "2431"]

1.e4 c5 2.Nf3 e6 3.d4 cxd4 4.Nxd4 a6 5.Bd3 Nf6 6.O-O Qc7 7.Qe2 d6 8.c4 Nbd7
9.Nc3 Ne5 10.Kh1 Bd7 11.f4 Nxd3 12.Qxd3 Rc8 13.Be3 Qxc4 14.Qd1 Qc7 15.Rc1 Qb8
16.e5 dxe5 17.fxe5 Qxe5 18.Bf4 Qh5 19.Qb3 Bc5 20.Rcd1 O-O 21.Rfe1 Ng4 22.Bg3 e5
23.Nf3 Be6 24.Qc2 Ne3  0-1

[Event "3rd Split Open 2013"]
[Site "Split CRO"]
[Date "2013.08.15"]
[Round "6.10"]
[White "Videnova,I"]
[Black "Mencinger,V"]
[Result "0-1"]
[WhiteElo "2305"]
[BlackElo "2399"]

1.e4 c5 2.Nf3 e6 3.d4 cxd4 4.Nxd4 a6 5.Bd3 Nf6 6.O-O d6 7.c4 Nbd7 8.Nc3 Be7
9.Qe2 Qc7 10.f4 O-O 11.Bd2 b6 12.Rae1 Bb7 13.Kh1 Rad8 14.b4 Rfe8 15.a3 Bf8
16.Qf3 g6 17.Qh3 d5 18.cxd5 exd5 19.e5 Ne4 20.Nxe4 dxe4 21.Rc1 Nc5 22.Bb1 Rxd4
23.Be3 Rdd8 24.Qg3 Rc8 25.bxc5 bxc5 26.Ba2 Rcd8 27.f5 Bd5 28.Bxd5 Rxd5 29.Bf4 Qc6
30.Rce1 c4 31.Rxe4 c3 32.Bc1 Bg7 33.e6 fxe6 34.fxg6 h6 35.Bxh6 Bxh6 36.Qh4 Rf5
37.Rg1 Kg7 38.Rc4 Qd5 39.Rxc3 Kxg6 40.Qa4 Ra8 41.Rc6 Bf4 42.Rd1 Qe5 43.Qc4 Kf6
44.g4 Rh8 45.Rxe6+ Qxe6 46.Qxe6+ Kxe6 47.gxf5+ Kxf5 48.Rd5+ Ke4 49.Ra5 Rxh2+
50.Kg1 Kf3 51.Rd5 Rd2  0-1

[Event "49th Rubinstein Memorial"]
[Site "Polanica Zdroj POL"]
[Date "2013.08.17"]
[Round "1.1"]
[White "Pacher,M"]
[Black "Kveinys,A"]
[Result "0-1"]
[WhiteElo "2453"]
[BlackElo "2491"]

1.e4 c5 2.Nf3 e6 3.d4 cxd4 4.Nxd4 a6 5.Bd3 Bc5 6.Nb3 Ba7 7.Qe2 d6 8.Be3 Nc6
9.Nc3 b5 10.O-O-O Nge7 11.h4 b4 12.Na4 Bd7 13.Bxa6 Bxe3+ 14.fxe3 Qc7 15.Qc4 O-O
16.Kb1 Ra7 17.e5 d5 18.Qe2 Nxe5 19.Nac5 Rfa8 20.h5 Ba4 21.Nxa4 Rxa6 22.Nbc5 Rxa4
23.Nxa4 Rxa4 24.Qb5 Ra8 25.Qxb4 Nc4 26.h6 Na3+ 27.bxa3 Rb8 28.Qb3 Nf5 29.Rd3 Ng3
30.Rc1 gxh6 31.c4 Rxb3+ 32.axb3 Qe5 33.c5 Qe4 34.Rc3 Ne2 35.Kb2 Nxc3 36.Rxc3 Qxg2+
37.Rc2 Qg7+ 38.Ka2 Qg6 39.Kb2 Qf6+ 40.Kb1 Qf1+ 41.Kb2 Qa6 42.c6 Kf8 43.c7 Qc8
44.b4 Ke7 45.b5 Kd7 46.b6 Qa6 47.Kc1 Qxa3+ 48.Kd1 Qd3+  0-1